000 00832cam a2200241 a 4500
003 OSt
005 20160827125653.0
008 081022s2009 njua b 001 0 eng
020 _a9780470177983 (cloth)
020 _a0470177985 (cloth)
040 _aDLC
_cDLC
_dBTCTA
_dBAKER
_dYDXCP
_dYDX
_dCDX
_dC#P
_dBWX
_dDLC
_bara
082 0 0 _a621.366
_222
_bKEP
100 1 _aKannatey-Asibu, E.
_956357
245 1 0 _aPrinciples of laser materials processing /
_cElijah Kannatey-Asibu, Jr.
250 _aط. 1.
260 _aHoboken, N.J. :
_bWiley,
_cc2009.
300 _axxvi, 819 p. :
_bill. ;
_c25 cm.
490 1 _aWiley series on processing of engineering materials
504 _aIncludes bibliographical references and index.
650 0 _aLasers
_xIndustrial applications.
_94620
650 0 _aMaterials science.
_944952
942 _cBOOK
999 _c39717
_d274217